[Event "WALTON BAN-chT 2019"]
[Site "Bangladesh"]
[Date "2019.12.15"]
[Round "4.4"]
[White "Saiful Islam, Chowdhury"]
[Black "Mohammad Fahad, Rahman"]
[Result "0-1"]
[WhiteElo "2159"]
[BlackElo "2294"]
[Annotator "TA"]
[PlyCount "100"]
[EventDate "2019.12.07"]
[EventType "team-tourn"]
[EventCountry "BAN"]
[SourceTitle "playchess.com"]
[Source "ChessBase"]
[SourceQuality "1"]

{[%evp 14,100,10,5,8,-5,11,28,44,40,45,0,0,-8,-18,-7,0,-17,-16,-25,-11,-37,-34,-34,-20,-23,0,0,0,-14,0,-8,0,-50,-54,-60,-69,-68,-58,-160,-148,-136,-59,-59,-51,-66,-64,-58,-58,-75,-23,-101,-41,-48,-35,-41,-13,-15,0,0,0,0,0,-13,-10,-73,-22,-27,-32,-27,-19,-122,-108,-108,-84,-163,-122,-257,-262,-539,-456,-783,-752,-950,-945,-29978,-29973,-29984,-29984]} 1. e4 c5 2. Nc3 Nc6 3. g3 g6 4. Bg2 Bg7 5. Nge2 e6 6. d3 Nge7 7. O-O O-O 8. Bg5 Rb8 {B24: Closed Sicilian: 3 g3 sidelines} (8... h6 9. Be3 Nd4 10. Qd2 Kh7 11. f4 d6 12. Rae1 Rb8 13. Nd1 b5 14. h4 f5 15. Nf2 b4 16. c3 bxc3 17. bxc3 Nxe2+ 18. Rxe2 fxe4 19. dxe4 {1-0 (27) Utegaliev,A (2494)-Volokitin,A (2624) Almaty 2016}) 9. a4 h6 $146 ({Predecessor:} 9... d6 10. Qd2 a6 11. Bh6 b5 12. Bxg7 Kxg7 13. axb5 axb5 14. Nd1 e5 15. Ne3 Bd7 16. f4 {½-½ (16) Schmid,S (2225)-Petrosian,S (2275) Bechhofen 1998}) 10. Be3 Nd4 {White has an edge.} 11. Qd2 Kh7 12. f4 d6 13. g4 f5 14. gxf5 exf5 15. Bxd4 cxd4 16. Nb5 Nc6 17. Ng3 a6 {[#] aiming for ...fxe4.} 18. Na3 fxe4 19. dxe4 Qb6 20. f5 Ne5 ({Much worse is} 20... d3+ $6 21. Kh1 $16) 21. fxg6+ Nxg6 22. Rxf8 Bxf8 23. Qf2 Be6 24. c3 Bg7 25. Nf5 Rf8 {Threatens to win with ...d5.} 26. b4 ({Don't blunder} 26. cxd4 $2 Bxf5 27. a5 Qa7 $19) (26. a5 $15 Qc6 27. cxd4) 26... d5 27. Rf1 {intending Nc2.} Bxf5 (27... dxe4 $17 28. Bxe4 Bxf5 29. Bxf5 Kh8) 28. exf5 $15 {a5 is the strong threat.} Ne7 29. a5 Qd6 30. cxd4 Qxb4 31. Nc2 Qc4 (31... Qxa5 $17 32. Qe2 Bf6) 32. Bh3 {[#]} (32. Qe1 $11 Nxf5 33. Qd2) 32... Qd3 (32... Qc3 $1 $17 {[%cal Rc3h3]} 33. Bg4 Qxa5) 33. Bg4 Bf6 {White must now prevent ...Rg8.} 34. Kh1 Rg8 35. Bf3 Qxf5 36. Ne3 Qg5 37. Ng4 Bg7 $36 {[%mdl 2048] Black has the initiative.} 38. Qc2+ Kh8 39. Qd3 (39. Ne5 $11 Bxe5 40. dxe5) 39... Rf8 (39... Nf5 $17 40. Bxd5 Ng3+ {[%mdl 64] Discovered Attack} 41. hxg3 Qxd5+ {[%mdl 64] Double Attack} 42. Qf3 Qxd4) 40. Ne5 $11 Bxe5 41. dxe5 Qxe5 42. Rd1 (42. Qd2 $11 {keeps the balance.} Rf6 43. Re1) 42... Qf5 43. Qxf5 Rxf5 $17 {[%mdl 4096] Endgame KRB-KRN} (43... Nxf5 {is interesting.} 44. Be2 Ne3 45. Rd3 Re8 46. Bf3 Re5) 44. Bg4 (44. Kg2 $17 {might work better.}) 44... Rg5 45. Bd7 (45. Bf3 $17) 45... Nc6 $19 46. Bxc6 $2 (46. Be6 {was called for.}) 46... bxc6 47. Rc1 (47. h4 $142 Rg4 48. Rb1) 47... Rg6 48. Rb1 d4 49. Rb6 d3 50. Rb8+ Rg8 {Accuracy: White = 33%, Black = 54%.} 0-1

[Event "WALTON BAN-chT 2019"]
[Site "Bangladesh"]
[Date "2019.12.15"]
[Round "4.5"]
[White "Mohammad Minhaz Uddin"]
[Black "Kovalev, Vladislav"]
[Result "0-1"]
[WhiteElo "2324"]
[BlackElo "2662"]
[Annotator "TA"]
[PlyCount "100"]
[EventDate "2019.12.07"]
[EventType "team-tourn"]
[EventCountry "BAN"]
[SourceTitle "playchess.com"]
[Source "ChessBase"]
[SourceQuality "1"]

{[%evp 11,108,12,14,0,0,0,1,1,14,14,24,0,0,-23,-19,-16,-9,-20,0,-9,-6,-10,11,0,0,-16,-31,-7,0,-18,-13,-25,-16,-111,-96,-118,-118,-118,-118,-117,-118,-100,-79,-291,-127,-260,-145,-149,-157,-142,-137,-137,-130,-144,-33,-25,-16,-72,-74,-52,-39,-42,-10,-37,7,0,31,18,30,18,52,19,73,11,73,80,83,0,0,0,0,-167,-167,-224,-64,-278,-264,-324,-292,-297,-176,-75,-91,-808,-769,-12843,-12843,-12841,-12839]} 1. e4 e5 2. Nf3 Nc6 3. Bc4 Nf6 4. d3 Bc5 5. c3 d6 6. h3 O-O 7. Bb3 {C54: Giuoco Piano: 4 c3 Nf6, main lines with 5 d4 and 5 d3} a5 8. O-O h6 9. Re1 {The position is equal.} Re8 10. Nbd2 Be6 11. Bc2 (11. Ba4 Bd7 12. Nf1 Ne7 13. d4 exd4 14. cxd4 Bb4 15. Re2 Bxa4 16. Qxa4 {0-1 (37) Caruana,F (2818)-Mamedyarov,S (2764) Saint Louis 2019}) 11... d5 12. Nf1 $146 ({Predecessor:} 12. Qe2 Qd7 13. Nf1 a4 14. Ng3 d4 {0-1 (39) Beukema,J (2233)-De Waele,W (2070) Gent 2017}) 12... dxe4 13. dxe4 Qxd1 14. Rxd1 a4 15. Be3 Bd6 16. b4 a3 17. N3d2 Na7 18. Bd3 Red8 {Threatens to win with ...Bxb4!} 19. Be2 c6 20. f3 Nb5 $36 {[%mdl 2048] Black has some pressure.} 21. Rdc1 Nh5 22. Nh2 (22. Rc2 $11) 22... Ng3 23. Kf2 Nxe2 24. Kxe2 h5 25. Rc2 Rd7 26. Nhf1 Bc7 27. Ng3 $2 {[#]} (27. Nb3 $17) 27... g6 (27... Nd4+ $1 $19 {[%mdl 512] has better winning chances.} 28. cxd4 exd4 {[%mdl 64] Discovered Attack} 29. Bxd4 Rxd4) 28. Nh1 {[#]} (28. Kf2 $17) 28... f5 (28... Nd4+ $1 $19 {[%mdl 512]} 29. cxd4 exd4) 29. c4 Nd4+ $1 30. Bxd4 Rxd4 31. Rac1 Rad8 32. Nf2 Bb6 (32... b5 $1 $17 33. cxb5 cxb5 34. exf5 gxf5) 33. Nb3 $1 $15 {[%cal Rb3d4]} R4d7 34. Rd1 (34. c5 $11 {remains equal.} Bc7 35. Rd2) 34... Rxd1 $17 35. Nxd1 fxe4 36. fxe4 Rf8 37. Ne3 Rf4 38. c5 Bc7 (38... Bd8 {feels hotter.} 39. Nd2 Bh4 40. Rc3 Rf2+ 41. Kd3 Bg5) 39. Kd3 Rf8 40. Kc3 Bd8 41. Nc4 Bh4 (41... g5 $11) 42. Re2 (42. Nba5 $1 $16) 42... Bg3 (42... Rf1 $11 {keeps the balance.}) 43. Nxa3 $16 g5 {White should prevent ...g4.} 44. Nc4 (44. Nc2 $1 $16) 44... g4 $11 45. hxg4 Bxg4 46. Re3 $2 (46. Rc2 $11) 46... h4 $1 $19 {[%mdl 1024] Black has strong compensation.} 47. Nbd2 (47. Nba5 $142) 47... Bf2 $2 ({Better is} 47... Rf2 $19 48. Re1 Rxg2) 48. Rd3 $2 (48. Nf1 $1 $15) 48... Bd4+ $1 49. Kb3 {[#]} Rf2 $1 50. Nf3 {[#]} h3 {Played: Bg4xf3} 0-1

[Event "WALTON BAN-chT 2019"]
[Site "Bangladesh"]
[Date "2019.12.15"]
[Round "4.6"]
[White "Safarli, Eltaj"]
[Black "Ahmed, Sheikh Nasir"]
[Result "1-0"]
[WhiteElo "2601"]
[BlackElo "2187"]
[Annotator "TA"]
[PlyCount "53"]
[EventDate "2019.12.07"]
[EventType "team-tourn"]
[EventCountry "BAN"]
[SourceTitle "playchess.com"]
[Source "ChessBase"]
[SourceQuality "1"]

{[%evp 16,53,51,56,146,129,254,254,249,253,360,379,380,379,366,377,361,366,370,367,351,363,374,380,363,369,356,367,321,349,585,591,797,787,1331,1327,1190,1202,1120,1103]} 1. e4 c5 2. Nc3 a6 3. Nf3 e6 4. d4 cxd4 5. Nxd4 Qc7 6. g3 b5 7. Bg2 Bb7 8. O-O Nc6 9. Re1 Bb4 {B43: Sicilian: Kan Variation: 5 Nc3} (9... Nxd4 $14 10. Qxd4 Rc8) (9... b4 10. Nd5 Qd8 11. Bf4 Rc8 12. Nf5 d6 13. Qg4 g6 14. Bg5 f6 15. Nxd6+ Qxd6 16. Nxf6+ Nxf6 17. Bxf6 {1-0 (36) Tiviakov,S (2623)-Pena Gomez,M (2420) Leiden 2011}) 10. Bf4 d6 (10... Qc8 $16) 11. Nf5 $18 O-O-O $146 {White has a decisive advantage.} ({Predecessor:} 11... exf5 12. Nd5 Qd7 13. Nxb4 Nxb4 14. exf5+ Kd8 15. Bxb7 Qxb7 16. Qxd6+ Qd7 17. Qf8+ {1-0 (17) Reinoehl,C-Kemmerling,A Magdeburg 1997}) 12. a3 {[%cal Ba2a3,Ba3b4][%mdl 32]} (12. Nxg7 Bc5 $16) 12... Nf6 (12... Bxc3 {was necessary.} 13. Nxd6+ Qxd6 14. Bxd6 Bxe1) 13. axb4 {[%cal Rf5d6]} exf5 14. Nd5 Nxd5 15. exd5 Ne5 16. Ra3 Kb8 17. Rc3 Qd7 18. Qd4 {[#] Black must now prevent Rxe5.} Rhe8 19. Be3 {[%csl Ge3][%cal Rd4a7]} (19. Bxe5 dxe5 20. Rxe5 f6 $18) 19... Bc8 20. Ra1 Nc4 21. Bg5 (21. Qxg7 Nxe3 22. fxe3 h5 $18) 21... f6 22. b3 Ne5 $2 (22... fxg5 {was called for.} 23. bxc4 bxc4 24. Rxc4 (24. Qxc4 Bb7 $16) 24... Qa7 25. Qxa7+ Kxa7 26. Rc7+ Kb6 27. Rxg7 Re2) 23. Be3 {White is clearly winning.} Ng4 {[#]} 24. Rxc8+ $1 {[%mdl 512]} Rxc8 (24... Kxc8 25. Rxa6) 25. Qb6+ {[%mdl 64] Double Attack} Qb7 26. Qxd6+ Rc7 27. Bb6 {[%mdl 64] Pin. Accuracy: White = 98%, Black = 37%.} 1-0

[Event "WALTON BAN-chT 2019"]
[Site "Bangladesh"]
[Date "2019.12.15"]
[Round "4.7"]
[White "Islam, Khandaker Aminul"]
[Black "Mollah Abdullah, Al Rakib"]
[Result "0-1"]
[WhiteElo "2206"]
[BlackElo "2461"]
[Annotator "RC"]
[PlyCount "64"]
[EventDate "2019.12.07"]
[EventType "team-tourn"]
[EventCountry "BAN"]
[SourceTitle "playchess.com"]
[Source "ChessBase"]
[SourceQuality "1"]
[TimeControl "5400+30"]

1. d4 {[%emt 0:00:00]} Nf6 {[%emt 0:02:12]} 2. Bf4 {[%emt 0:00:00]} e6 {[%emt 1:28:48]} 3. e3 {[%emt 0:00:00]} b6 {[%emt 0:00:00]} 4. Qf3 {[%emt 0:00:00]} Nc6 {[%emt 0:00:00]} 5. Nc3 {[%emt 0:00:15]} Bb4 {[%emt 0:00:00]} 6. Nge2 {[%emt 0:01:08]} Nd5 {[%emt 0:00:00]} 7. a3 {[%emt 1:32:07]} Nxf4 {[%emt 0:00:00]} 8. Nxf4 {[%emt 0:00:00]} Bxc3+ {[%emt 0:00:00]} 9. bxc3 {[%emt 0:00:00]} Bb7 {[%emt 0:00:00]} 10. Bd3 {[%emt 0:00:00]} Qe7 {[%emt 0:00:00]} 11. Qg3 {[%emt 0:00:00]} O-O-O {[%emt 0:00:00]} 12. Qxg7 {[%emt 0:00:00]} h5 {[%emt 0:00:00]} 13. Qg3 {[%emt 0:00:00]} Rdg8 {[%emt 0:00:00]} 14. Qh3 {[%emt 0:00:00]} f5 {[%emt 0:00:00]} 15. Rg1 {[%emt 0:00:00]} Nd8 {[%emt 0:00:00]} 16. Ne2 {[%emt 0:00:00]} Nf7 {[%emt 0:00:00]} 17. f4 {[%emt 0:00:00]} h4 {[%emt 0:00:00]} 18. c4 {[%emt 0:00:00]} Nh6 {[%emt 0:00:00]} 19. Nc3 {[%emt 0:00:00]} Ng4 {[%emt 0:00:00]} 20. Nd1 {[%emt 0:00:00]} Kb8 {[%emt 0:00:00]} 21. Kd2 {[%emt 0:00:16]} Qg7 {[%emt 0:00:00]} 22. Rb1 {[%emt 0:01:52]} Nf6 {[%emt 0:00:00]} 23. d5 {[%emt 0:01:46]} exd5 {[%emt 0:00:00]} 24. cxd5 {[%emt 0:02:35]} Bxd5 {[%emt 0:00:00]} 25. Qxf5 {[%emt 0:02:31]} Rh5 {[%emt 0:00:00]} 26. Qh3 {[%emt 0:00:00]} Bxg2 {[%emt 0:00:06]} 27. Nf2 {[%emt 0:00:00]} Bxh3 {[%emt 0:01:06]} 28. Rxg7 {[%emt 0:00:00]} Rxg7 {[%emt 0:00:02]} 29. Nxh3 {[%emt 0:00:00]} Rg2+ {[%emt 0:00:17]} 30. Kc3 {[%emt 0:00:14]} Nd5+ {[%emt 0:01:27]} 31. Kd4 {[%emt 0:00:23]} c5+ {[%emt 0:00:20]} 32. Ke4 {[%emt 0:00:27]} Rxh2 {[%emt 0:11:42] Kd4} 0-1

[Event "WALTON BAN-chT 2019"]
[Site "Bangladesh"]
[Date "2019.12.15"]
[Round "4.8"]
[White "Rahman, Ziaur"]
[Black "Abu Sufian, Shakil"]
[Result "1-0"]
[WhiteElo "2440"]
[BlackElo "2256"]
[Annotator "NA RC"]
[PlyCount "55"]
[EventDate "2019.12.07"]
[EventType "team-tourn"]
[EventCountry "BAN"]
[SourceTitle "playchess.com"]
[Source "ChessBase"]
[SourceQuality "1"]
[TimeControl "5400+30"]

1. d4 {[%emt 0:00:06]} d5 {[%emt 0:00:00]} 2. Bg5 {[%emt 0:00:51]} h6 {[%emt 0:00:47]} 3. Bh4 {[%emt 0:00:06]} c6 {[%emt 0:01:26]} 4. Nf3 {[%emt 0:00:17]} Qb6 {[%emt 0:00:23]} 5. Qc1 {[%emt 0:01:08]} Bf5 {[%emt 0:01:12]} 6. e3 {[%emt 0:00:26]} Nd7 {[%emt 0:01:54]} 7. c4 {[%emt 0:02:09]} e6 {[%emt 0:01:08]} 8. Nc3 {[%emt 0:00:33]} Ngf6 {[%emt 0:04:37]} 9. Be2 {[%emt 0:03:54]} Be7 {[%emt 0:02:21]} 10. O-O {[%emt 0:00:13]} Qd8 {[%emt 0:04:37]} 11. Qd1 {[%emt 0:09:37]} g5 {[%emt 0:12:25]} 12. Bg3 {[%emt 0:00:20]} Nh5 {[%emt 0:00:21]} 13. Be5 {[%emt 0:03:27]} Nxe5 {[%emt 0:01:00]} 14. Nxe5 {[%emt 0:04:00]} Nf6 {[%emt 0:01:55]} 15. cxd5 {[%emt 0:00:59]} exd5 {[%emt 0:07:09]} 16. Bd3 {[%emt 0:01:46]} Qc8 {[%emt 0:08:35]} 17. Rc1 {[%emt 0:01:19]} O-O {[%emt 0:05:51]} 18. Ne2 {[%emt 0:02:03]} Ne4 {[%emt 0:03:48]} 19. f3 {[%emt 0:02:53]} Nd6 {[%emt 0:00:26]} 20. Ng3 {[%emt 0:01:49]} Bxd3 {[%emt 0:02:23]} 21. Qxd3 {[%emt 0:00:59]} f5 {[%emt 0:01:27]} 22. e4 {[%emt 0:03:45]} dxe4 {[%emt 0:03:43]} 23. fxe4 {[%emt 0:02:39]} f4 {[%emt 0:00:02]} 24. Ng6 {[%emt 0:03:45]} Re8 {[%emt 0:04:49]} 25. e5 {[%emt 0:01:31]} fxg3 {[%emt 0:00:24]} 26. Qb3+ {[%emt 0:03:07]} Kh7 {[%emt 0:04:48]} 27. exd6 {[%emt 0:01:17]} gxh2+ {[%emt 0:00:04]} 28. Kh1 {[%emt 0:00:21]} 1-0

[Event "WALTON BAN-chT 2019"]
[Site "Bangladesh"]
[Date "2019.12.15"]
[Round "4.9"]
[White "Zia, Tahsin Tajwar"]
[Black "Nepal, Prakash Chandra"]
[Result "1/2-1/2"]
[WhiteElo "2148"]
[BlackElo "1974"]
[Annotator "TA"]
[PlyCount "178"]
[EventDate "2019.12.07"]
[EventType "team-tourn"]
[EventCountry "BAN"]
[SourceTitle "playchess.com"]
[Source "ChessBase"]
[SourceQuality "1"]

{[%evp 11,178,0,3,6,30,-13,1,-11,0,0,0,-32,0,-28,-21,-28,-27,-42,-27,-16,-33,-44,-32,-50,-21,-43,-20,-36,-45,-93,-39,-87,-75,-133,-100,-93,-54,-58,0,0,2,0,32,10,75,0,0,0,0,0,0,0,0,0,0,0,0,0,0,0,0,0,0,0,0,0,0,0,0,0,0,0,0,0,0,0,0,0,0,0,0,0,0,0,0,0,0,0,0,0,0,0,0,0,0,0,0,0,0,0,0,0,0,0,0,0,0,0,0,0,0,0,0,0,0,0,0,0,0,0,0,0,0,0,0,0,0,0,0,0,0,0,0,0,0,0,0,0,0,0,0,0,0,0,0,0,0,0,0,0,0,0,0,0,0,0,0,0,0,0,0,0,0,0,0,0,0,0,0]} 1. d4 Nf6 2. Nf3 g6 3. Bf4 Bg7 4. e3 O-O 5. h3 d6 6. Be2 Nbd7 7. Bh2 {A48: 1 d4 Nf6 2 Nf3 g6: Torre, London and Colle Systems} (7. O-O Re8 8. c4 b6 9. Nc3 Bb7 10. Qc2 e5 11. Bh2 exd4 12. Nxd4 Nc5 13. Rad1 Nce4 14. Bf3 Qc8 15. Nxe4 Bxe4 16. Bxe4 Nxe4 17. Ne2 Qb7 18. Nf4 a6 {½-½ (97) Inarkiev,E (2693)-Nepomniachtchi,I (2775) Moscow 2019}) 7... Qe8 8. Na3 $146 ({Predecessor:} 8. c4 e5 9. Nc3 Qe7 10. O-O Re8 11. Rc1 e4 12. Nd2 Nf8 13. b4 h5 14. Re1 N8h7 15. c5 dxc5 16. bxc5 Bf5 17. Qb3 c6 18. Rb1 Bc8 {1-0 (39) Grachev,B (2652)-Andriasian,Z (2594) Minsk 2015}) 8... a6 9. Nc4 b5 10. Na5 c5 11. c4 bxc4 12. Nxc4 Bb7 13. O-O Qd8 14. a4 cxd4 15. Nxd4 Bd5 16. b4 Rc8 $36 {[%mdl 2048] Black has some pressure.} 17. Nd2 Qb6 18. b5 e5 19. Nc2 axb5 20. axb5 Qc5 (20... Qb7 $17 21. f3 Qc7) 21. Rc1 Nb6 22. Na1 (22. Qe1 $142) 22... Qb4 23. Rb1 Qa3 24. Nc2 Qc5 (24... Qa8 $1 $15 25. f3 Bh6) 25. Nb4 $11 Bb7 26. Qb3 Nfd5 {[#] aiming for ...Nc3.} 27. Bf3 Rfe8 (27... Rfd8 $11 {keeps the balance.}) 28. Bxd5 (28. Rfd1 $16) 28... Nxd5 {The position is equal.} ({Of course not} 28... Bxd5 $6 29. Nxd5 Qxd5 30. Qxd5 $16) 29. Ne4 Qxb4 30. Qxb4 Nxb4 31. Nxd6 {[%mdl 64] [#] Double Attack} Bf8 32. Nxb7 Rb8 33. Na5 Rxb5 34. Nc6 Re6 35. Nxb4 Rxb4 36. Rxb4 Bxb4 {[%mdl 4096] Endgame KRB-KRB} 37. Rb1 Be7 38. g4 Kg7 39. Rb5 Bf6 40. h4 Bxh4 41. Bxe5+ Bf6 42. Bxf6+ (42. Bf4 {feels hotter.} h6 43. Kg2 g5 44. Bc7 Kg6 45. Bb6) 42... Rxf6 {KR-KR} 43. f4 h6 44. Kg2 Re6 45. Kf3 Re7 46. e4 Ra7 47. Rb3 Rc7 48. f5 Rc1 49. Kf4 g5+ 50. Ke5 Rc5+ 51. Kd4 Rc1 52. Ke5 Rc5+ 53. Kd4 Rc1 54. Rb8 {e5 is the strong threat.} Ra1 55. Rc8 Ra4+ 56. Rc4 Ra1 57. Ke5 Ra5+ 58. Kd4 Ra1 59. Ke5 Ra5+ 60. Kd6 {White wants to play e5.} Kf6 61. Rc6 Re5 62. Kd7+ Kg7 63. Rc4 Kf6 64. Kd6 $1 Ra5 65. Rc6 Re5 66. Ra6 Rb5 (66... h5 $5 {[%cal Rh5g4]} 67. Kd7+ Kg7 68. gxh5 Rxe4 $11) 67. Kc6 Re5 68. Kd6 Rb5 69. Rc6 Re5 70. Rc4 Ra5 71. Rc6 Re5 72. Kd7+ Kg7 73. Rc4 Kf6 74. Kd6 Ra5 75. Rc6 Re5 76. Ra6 Rb5 77. Kc6 Re5 78. Ra4 Ke7 79. Rd4 Kf6 80. Kd6 Ra5 81. Rd5 Ra6+ 82. Kc5 {Threatens to win with Rd6+.} Ra4 83. Rd4 Ra5+ 84. Kc6 Ra6+ 85. Kd5 Ra5+ 86. Kc6 Ra6+ 87. Kd5 Ra5+ 88. Kc4 Ra4+ 89. Kd5 Ra5+ {Accuracy: White = 65%, Black = 74%.} 1/2-1/2

[Event "WALTON BAN-chT 2019"]
[Site "Bangladesh"]
[Date "2019.12.15"]
[Round "4.10"]
[White "Hasan, Eunus"]
[Black "Lugovskoy, Maxim"]
[Result "0-1"]
[WhiteElo "2120"]
[BlackElo "2466"]
[Annotator "TA"]
[PlyCount "48"]
[EventDate "2019.12.07"]
[EventType "team-tourn"]
[EventCountry "BAN"]
[SourceTitle "playchess.com"]
[Source "ChessBase"]
[SourceQuality "1"]

{[%evp 19,48,-25,70,-91,-98,-89,-95,-99,-88,-89,-93,-97,-83,-143,-144,-155,-156,-148,-91,-256,-226,-240,-81,-145,-150,-214,-210,-206,-203,-203,-202]} 1. e4 e6 2. d3 d5 3. Nd2 Nf6 4. g3 b6 5. Bg2 Be7 6. e5 Nfd7 7. Ngf3 c5 8. O-O Nc6 9. Re1 Qc7 10. Qe2 g5 (10... b5 $11) 11. g4 $2 {C00: French: Unusual White 2nd moves} (11. c4 $1 $14 {keeps the upper hand.}) (11. h3 h5 12. Nf1 g4 13. hxg4 hxg4 14. N3h2 Qxe5 15. Qd1 Qh5 16. Qxg4 Qxg4 17. Nxg4 Bb7 18. Bf4 O-O-O {0-1 (42) Sredojevic,I (2361)-Weinzettl,E (2293) Veliko Gradiste 2016}) 11... h5 $17 12. h3 hxg4 13. hxg4 {Black is better.} Nf8 $146 ({Predecessor:} 13... Bb7 14. Nb3 O-O-O 15. d4 c4 16. Nbd2 Nb4 17. Nf1 Rdg8 18. Ng3 Kb8 {½-½ (38) Gomez Saenz,M (1539)-Pinilla,D (1693) Pereira 2019}) 14. c3 Ng6 {Strongly threatening ...Nf4.} 15. Nf1 Ba6 16. Ng3 (16. a3 $142) 16... O-O-O 17. a3 Rdg8 {Threatens to win with ...Nf4.} 18. Nh5 {[#]} Na5 ({Black should play} 18... Nf4 $1 {[%mdl 512]} 19. Nxf4 (19. Bxf4 gxf4) 19... gxf4 20. Bxf4 Rxg4) 19. Bxg5 $2 (19. Rb1 $17 Nf4 20. Nxf4 gxf4 21. g5) 19... Bxg5 $19 20. Nxg5 Qe7 $2 (20... Nc6 $1 $19 {[%cal Rg6e5]} 21. Nf6 Ncxe5 22. Nxg8 Nxd3) 21. Nf6 {[#]} (21. Nh3 $142) 21... Nc6 $1 $17 {[%cal Rc6e5] Black is clearly better.} 22. Nf3 (22. Nh3 $17 {was worth a try.} Ngxe5 23. Nxg8 Rxg8 24. f3) 22... Nf4 $19 23. Qe3 {[#]} Qxf6 $1 {[%mdl 576] Remove Defender} 24. exf6 Rxg4 {Accuracy: White = 34%, Black = 69%.} 0-1

[Event "WALTON BAN-chT 2019"]
[Site "Bangladesh"]
[Date "2019.12.15"]
[Round "4.11"]
[White "Khusenkhojaev, Muhammad"]
[Black "Ikramul, Haq Siam"]
[Result "1-0"]
[WhiteElo "2427"]
[BlackElo "2109"]
[Annotator "TA"]
[PlyCount "85"]
[EventDate "2019.12.07"]
[EventType "team-tourn"]
[EventCountry "BAN"]
[SourceTitle "playchess.com"]
[Source "ChessBase"]
[SourceQuality "1"]

{[%evp 13,85,10,31,0,26,10,11,-4,-4,-7,40,27,53,45,69,66,81,83,82,79,70,84,87,66,62,62,74,48,75,51,48,33,49,21,96,86,125,130,171,168,479,479,722,510,572,570,561,551,518,450,587,587,580,580,580,567,580,439,435,454,450,441,412,378,429,419,403,357,577,563,662,650,639,630]} 1. d4 d5 2. c4 c6 3. Nf3 Nf6 4. Qc2 g6 5. Bf4 Bg7 6. e3 O-O 7. Nc3 a6 8. a4 {D93: Grünfeld: 4 Nf3 Bg7 5 Bf4 0-0 6 e3} (8. h3 Bf5 9. Qb3 b5 10. c5 a5 11. Be2 a4 12. Qd1 Ne4 13. O-O a3 14. Qb3 axb2 15. Qxb2 Nd7 {0-1 (41) Howell,D (2698)-Astaneh Lopez,A (2430) Balagna 2019}) 8... a5 9. Be2 $146 ({Predecessor:} 9. cxd5 Nxd5 10. Nxd5 Qxd5 11. Bc4 Qd8 12. Be5 Nd7 13. Bxg7 Kxg7 14. O-O Nb6 15. Bb3 Nd5 {1-0 (53) Arkell,K (2450)-Mason,D (2157) Newport Pagnell 2016}) 9... Na6 10. O-O {The position is equal.} Nb4 11. Qb3 Ra7 12. Rfd1 Be6 13. h3 h6 14. Rac1 Ne4 15. Ne5 dxc4 16. Bxc4 Bxc4 17. Nxc4 Nd6 18. Ne5 e6 19. e4 (19. Na2 {with more complications.} Nd5 20. Bh2 Qe7 21. Qc2 Raa8 22. e4) 19... Qe7 20. Nd3 Nxd3 21. Rxd3 Rd8 22. Rcd1 Raa8 23. Be3 Kh7 {[#]} (23... Rac8 $11) 24. d5 $1 $16 {[%cal Rd5e6]} cxd5 25. exd5 Bxc3 26. bxc3 {[%cal Bb2c3,Bc3c4][%mdl 32] Strongly threatening dxe6.} ({Don't take} 26. Qxc3 $6 e5 $14) 26... exd5 $2 (26... e5 {is more resistant.}) 27. Rxd5 $18 Ra6 (27... Nf5 $142 28. Rxd8 Rxd8) 28. Bf4 Qf6 29. Bg3 Rc6 30. c4 b6 {If only Black now had time for ...Nb7....} 31. Qd3 Nb7 32. Rxd8 Nxd8 33. Qxd8 Qxd8 34. Rxd8 Rxc4 {[%mdl 4096] Endgame KRB-KR} 35. Rb8 Rxa4 36. Be5 {[%csl Ge5][%cal Rb8h8] [#]} g5 37. Rxb6 Re4 38. Bd6 a4 39. Bf8 h5 40. Ra6 h4 $2 (40... g4 {might work better.} 41. f3 Rc4) 41. f3 {White is clearly winning.} Rc4 42. Be7 Rc1+ 43. Kh2 {Accuracy: White = 61%, Black = 37%.} 1-0

[Event "WALTON BAN-chT 2019"]
[Site "Bangladesh"]
[Date "2019.12.15"]
[Round "4.12"]
[White "Sonkalan Bharati"]
[Black "Anata, Choudhury"]
[Result "1/2-1/2"]
[WhiteElo "2133"]
[BlackElo "2137"]
[Annotator "NA RC"]
[PlyCount "42"]
[EventDate "2019.12.07"]
[EventType "team-tourn"]
[EventCountry "BAN"]
[SourceTitle "playchess.com"]
[Source "ChessBase"]
[SourceQuality "1"]
[TimeControl "5400+30"]

1. e4 {[%emt 1:30:30]} c5 {[%emt 1:30:30]} 2. Nf3 {[%emt 0:00:30]} d6 {[%emt 0:00:30]} 3. d4 {[%emt 0:00:30]} cxd4 {[%emt 0:00:30]} 4. Nxd4 {[%emt 0:00:30]} Nf6 {[%emt 0:00:30]} 5. Nc3 {[%emt 0:00:30]} a6 {[%emt 0:00:30]} 6. Bc4 {[%emt 0:00:30]} e6 {[%emt 0:00:30]} 7. Bb3 {[%emt 0:00:30]} b5 {[%emt 0:00:30]} 8. O-O {[%emt 0:00:30]} Be7 {[%emt 0:00:30]} 9. f4 {[%emt 0:00:30]} Bb7 {[%emt 0:00:30]} 10. Be3 {[%emt 0:00:30]} b4 {[%emt 0:00:30]} 11. Na4 {[%emt 0:00:30]} Bxe4 {[%emt 0:00:30]} 12. f5 {[%emt 0:00:30]} e5 {[%emt 0:00:30]} 13. Bxf7+ {[%emt 0:00:30]} Kxf7 {[%emt 0:00:30]} 14. Ne6 {[%emt 0:00:30]} Qd7 {[%emt 0:00:30]} 15. Ng5+ {[%emt 0:00:30]} Ke8 {[%emt 0:00:30]} 16. Nb6 {[%emt 0:00:30]} Qb7 {[%emt 0:00:30]} 17. Ne6 {[%emt 0:00:30]} Kf7 {[%emt 0:00:30]} 18. Ng5+ {[%emt 0:00:30]} Ke8 {[%emt 0:00:30]} 19. Ne6 {[%emt 0:00:30]} Kf7 {[%emt 0:00:30]} 20. Ng5+ {[%emt 0:00:30]} Ke8 {[%emt 0:00:30]} 21. Ne6 {[%emt 0:00:30]} Kf7 {[%emt 0:00:30]} 1/2-1/2